| 000 | 00904nam a2200241 a 4500 | ||
|---|---|---|---|
| 001 | 78528 | ||
| 003 | BD-RjUL | ||
| 005 | 20211209083135.0 | ||
| 008 | 210930s2004 bg a|||| m||| 00| 0 eng d | ||
| 035 | _a(BD-RjUL)78754 | ||
| 040 |
_aBD-RjUL _beng _cBD-RjUL _dBD-RjUL |
||
| 041 | _aeng | ||
| 082 |
_a362.3095492 _bSUP 2004 _223 |
||
| 100 |
_aSultana, Sabina _9248776 |
||
| 245 | 1 | 0 |
_aPsycho-Social Correlates of Mental Retardation : _bA Study of Some Selected Cases / _cSabina Sultana ; _6Supervisor : Anwarul Hasan |
| 260 |
_aRajshahi : _bDepartment of Psychology, University of Rajshahi, _c2004 |
||
| 300 |
_aiv, 234 Leaves : _bill ; _c29 cm. |
||
| 502 | _aThesis (Ph. D.) -- Department of Psychology, University of Rajshahi, 2004 | ||
| 504 | _aReferences : Leaves [198]-213 | ||
| 650 |
_aIntellectual disability _zBangladesh _9249080 |
||
| 700 |
_aHasan, Anwarul, Supervisor _9248778 |
||
| 942 |
_2ddc _cTHE |
||
| 999 |
_c78528 _d78528 |
||